| Tag |
First Indicator |
Second Indicator |
Subfields |
| LEADER |
00000cam a22000001a 4500 |
| 001 |
in00003346421 |
| 006 |
m d f |
| 007 |
cr bn mmmapmmp |
| 008 |
110210s2006 dcu o f000 0 eng d |
| 005 |
20260429204901.1 |
| 035 |
|
|
|a cis2007806166
|
| 040 |
|
|
|a ProQuest
|c ProQuest
|d UtOrBLW
|
| 043 |
|
|
|a n-us---
|
| 099 |
|
|
|a CMP-2006-MPA-0014
|
| 110 |
2 |
|
|a Medicare Payment Advisory Commission (U.S.)
|
| 245 |
1 |
0 |
|a Medicare Payment Advisory Commission :
|b Public Meeting, April 19, 20, 2006.
|
| 264 |
|
1 |
|a [Washington] :
|b [U.S. G.P.O.],
|c 2006.
|
| 300 |
|
|
|a 1 online resource.
|
| 336 |
|
|
|a text
|b txt
|2 rdacontent
|
| 337 |
|
|
|a computer
|b c
|2 rdamedia
|
| 338 |
|
|
|a online resource
|b cr
|2 rdacarrier
|
| 500 |
|
|
|a Record is based on bibliographic data in ProQuest U.S. Congressional Research Digital Collection. Reuse except for individual research requires license from ProQuest, LLC.
|
| 500 |
|
|
|a Electronic resource.
|
| 610 |
2 |
0 |
|a Centers for Medicare & Medicaid Services (U.S.)
|
| 650 |
|
0 |
|a Managed care plans (Medical care)
|z United States.
|
| 650 |
|
0 |
|a Medical fees
|z United States.
|
| 650 |
|
0 |
|a Medicare.
|
| 650 |
|
0 |
|a Medical economics
|z United States.
|
| 655 |
|
7 |
|a Electronic books.
|2 local
|
| 710 |
2 |
|
|a ProQuest (Firm)
|
| 776 |
0 |
8 |
|i Print version:
|a Medicare Payment Advisory Commission (U.S.)
|t Medicare Payment Advisory Commission
|
| 776 |
0 |
8 |
|i Microfiche version:
|a Medicare Payment Advisory Commission (U.S.)
|t Medicare Payment Advisory Commission.
|d [Bethesda, Md.] : ProQuest,[2004]
|o CIS 2009 J892-120
|w (ProQuest)cis200901925
|
| 830 |
|
0 |
|a U.S. Congressional Research.
|
| 856 |
4 |
0 |
|u http://proxy.library.tamu.edu/login?url=https://congressional.proquest.com/congcomp/getdoc?CRDC-ID=CMP-2006-MPA-0014
|z Connect to the full text of this electronic book
|t 0
|
| 998 |
|
|
|a cis200901925
|
| 999 |
|
|
|a MARS
|
| 999 |
f |
f |
|s aeef6cdf-2138-3002-8cee-c5af3e65f5fb
|i 31081a3c-8680-39c1-a08d-5ef37b703a0b
|t 0
|
| 952 |
f |
f |
|a Texas A&M University
|b College Station
|c Electronic Resources
|s www_evans
|d Available Online
|t 0
|e CMP-2006-MPA-0014
|h Other scheme
|
| 998 |
f |
f |
|a CMP-2006-MPA-0014
|t 0
|l Available Online
|